000 00282nam a2200109Ia 4500
008 231107s1967 xx 000 0 und d
041 _aeng
082 _a747.0
100 _aRutt,Anna Hong
245 _aHome Furniture 2nd Edn
260 _aNew Delhi
_bWiley Eastern Private Ltd.
_c1967
999 _c922001
_d922001